000 03068pam a2200577 i 4500
001 3424326
005 20240205143014.0
008 230602t20242024mnua c b 001 0 eng
010 _a 2023023104
020 _a9798886874440
_q(library binding) :
_c$27.95
020 _z9798886876321
_q(ebook)
035 _a(OCoLC)1373606887
035 _a(OCoLC)on1373606887
040 _aAzTeS/DLC
_beng
_erda
_cDLC
042 _apcc
050 0 0 _aE99.S35
_bS66 2024
082 0 0 _a305.897/317
_223
092 _a305.89731
_bS699S 2024
100 1 _aSonneborn, Liz,
_eauthor.
_95745916
245 1 4 _aThe Shawnee /
_cby Liz Sonneborn.
264 1 _aMinneapolis, MN :
_bBellwether Media,
_c2024.
264 4 _c©2024
300 _a32 pages :
_billustrations ;
_c24 cm.
336 _atext
337 _aunmediated
338 _avolume
490 1 _aBlastoff! discovery. Native American nations
504 _aIncludes bibliographical references (page 31) and index.
520 _a"Engaging images accompany information about the Shawnee. The combination of high-interest subject matter and narrative text is intended for students in grades 3 through 8"--
521 1 _a8-12
_bBrodart.
521 2 _a3-7
_bBrodart.
650 0 _aShawnee Indians
_vJuvenile literature.
_96481604
650 0 _aShawnee Indians
_xSocial life and customs
_vJuvenile literature.
_96481605
650 0 _aIndians of North America
_xSocial life and customs
_vJuvenile literature.
_96464868
650 1 _aShawnee Indians.
650 1 _aShawnee Indians
_xSocial life and customs.
_96481606
650 1 _aIndians of North America
_xSocial life and customs.
_985893
650 7 _aJUVENILE NONFICTION / History / United States.
_2bisacsh
_95772825
650 7 _aJUVENILE NONFICTION / People & Places / United States / Native American.
_2bisacsh
_95733692
650 7 _aJUVENILE NONFICTION / Social Science / Customs, Traditions, Anthropology.
_2bisacsh
_95907724
776 0 8 _iOnline version:
_aSonneborn, Liz.
_tShawnee
_dMinneapolis : Bellwether Media, 2023
_z9798886876321
_w(DLC) 2023023105
830 0 _aBlastoff! discovery.
_pNative American nations.
_96481364
942 _2ddc
_cBOOK
948 _aBPG
_bCHILDREN'S
_pX133204974
_kJ
_h305.89731
_iS699S 2024
_f1
_r2
_g1
_70
_u3
_w11
_s0
_oBPG
_0$27.95
_y99
_c88
_jDewey Decimal
_nOn-Order
_e2187553-3
_9Item generated Jan 2 2024 10:33AM
948 _aBHH
_bCHILDREN'S
_pX133205070
_kJ
_h305.89731
_iS699S 2024
_f1
_r2
_g1
_70
_u3
_w11
_s0
_oBHH
_0$27.95
_y99
_c88
_jDewey Decimal
_nOn-Order
_e2187553-1
_9Item generated Jan 2 2024 10:33AM
948 _aBTG
_bCHILDREN'S
_pX133205591
_kJ
_h305.89731
_iS699S 2024
_f1
_r2
_g1
_70
_u3
_w11
_s0
_oBTG
_0$27.95
_y99
_c88
_jDewey Decimal
_nOn-Order
_e2187553-2
_9Item generated Jan 2 2024 10:33AM
999 _c393003
_d393003
999 _b305.89731 S699S 2024